000 00291nam a22001337a 4500
008 171214b xxu||||| |||| 00| 0 eng d
020 _a9780781747189
041 _aeng
080 _25TH
_a610.73
100 _a2
101 _aINF
245 _aCARDIAC NURSING
_cWOODS,S.L
942 _2udc
_cBK
999 _c38895
_d38895